FBS Football Team Logos - Non Alphabetical - Statistics

General Stats
  • This quiz has been taken 116 times
  • The average score is 125 of 136
Answer Stats
Picture Answer % Correct
Colorado
100%
Michigan
100%
Purdue
100%
BYU
98%
Kansas
98%
Marshall
98%
Miami (Florida)
98%
Oklahoma State
98%
Syracuse
98%
Texas
98%
Texas Tech
98%
Virginia
98%
Washington
98%
Alabama
97%
Arkansas
97%
Army
97%
Boise State
97%
Bowling Green
97%
Cincinnati
97%
Duke
97%
Florida
97%
Georgia
97%
Georgia Tech
97%
Houston
97%
Iowa State
97%
Louisiana Tech
97%
Maryland
97%
Michigan State
97%
Minnesota
97%
Nebraska
97%
North Carolina
97%
Oregon
97%
Penn St
97%
Tennessee
97%
Texas A&M
97%
Tulane
97%
USC
97%
Vanderbilt
97%
Virginia Tech
97%
Wake Forest
97%
Wyoming
97%
Auburn
95%
Clemson
95%
Florida State
95%
Hawaii
95%
Illinois
95%
Indiana
95%
Kentucky
95%
Louisville
95%
Mississippi State
95%
NC State
95%
Northwestern
95%
Notre Dame
95%
Oklahoma
95%
Rutgers
95%
Sam Houston
95%
Stanford
95%
Troy
95%
UConn
95%
Utah
95%
West Virginia
95%
Air Force
94%
Arizona
94%
Arizona State
94%
Ball State
94%
Baylor
94%
Iowa
94%
Kansas State
94%
Kent State
94%
Liberty
94%
Navy
94%
New Mexico State
94%
Oregon State
94%
Pittsburgh
94%
San Diego State
94%
SMU
94%
South Florida
94%
Temple
94%
Toledo
94%
Utah State
94%
Colorado State
92%
Kennesaw State
92%
Memphis
92%
Missouri
92%
North Texas
92%
Ohio State
92%
Rice
92%
TCU
92%
Wisconsin
92%
Akron
90%
Appalachian State
90%
Charlotte
90%
Coastal Carolina
90%
East Carolina
90%
Fresno State
90%
Louisiana-Monroe
90%
LSU
90%
Miami (Ohio)
90%
Northern Illinois
90%
South Carolina
90%
UTEP
90%
Buffalo
89%
Central Michigan
89%
New Mexico
89%
Washington State
89%
Delaware
87%
Eastern Michigan
87%
Florida Atlantic
87%
Old Dominion
87%
UAB
87%
UMass
87%
UTSA
87%
FIU
86%
Georgia State
86%
Middle Tennessee
86%
San Jose State
86%
South Alabama
86%
Western Kentucky
86%
Arkansas State
84%
California
84%
Nevada
84%
UCF
84%
Western Michigan
84%
Texas State
83%
Georgia Southern
81%
Tulsa
81%
James Madison
79%
Boston College
78%
Louisiana
78%
Missouri State
78%
Ohio
78%
Southern Miss
78%
UNLV
75%
UCLA
71%
Jacksonville State
67%
Ole Miss
57%
No matching quizzes found
Score Distribution
Percent of People with Each Score
Percentile by Number Answered
Your Score History
You have not taken this quiz